| 000 | 00754nam a2200217 u 4500 | ||
|---|---|---|---|
| 005 | 20210223133504.0 | ||
| 008 | 180130s2011 r 000 0 eng d | ||
| 020 | _a9786074622874 | ||
| 035 | _aUPN01000222586 | ||
| 049 | _aCG | ||
| 050 | 4 |
_aPM3981 _bC3.5 |
|
| 100 | 1 |
_aCárdenas Martínez, Celestino _941746 |
|
| 245 | 1 | 0 |
_aMazahua de San Pedro el Alto, Temascalcingo, Estado de México / _cCelestino Cárdenas Martínez, Yolanda Lastra. |
| 260 |
_aMéxico : _bEl Colegio de México, _c2011. |
||
| 300 |
_a170 p. + _e1 CD-ROM ; 4 3/4 plgs. |
||
| 440 | 0 |
_aArchivo de lenguas indígenas de México ; _v31 |
|
| 650 | 4 |
_aMAZAHUA - _xGRAMATICA _926783 |
|
| 700 | 1 |
_aLastra de Suárez, Yolanda, _d1932- _ecoaut. _938081 |
|
| 905 | _aLibro | ||
| 999 |
_c194683 _d194683 |
||